Svetový obchod so zbraňami diplomová práca

Enregistré dans:
Détails bibliographiques
Auteur principal: Beliaiev, Oleksandr
Collectivité auteur: Fakulta medzinárodných vzťahov EU. Katedra medzinárodných ekonomických vzťahov a hospodárskej diplomacie
Autres auteurs: Lipková, Ľudmila
Format: Livre
Langue:russe
Publié: Bratislava 2017
Tags: Ajouter un tag
Pas de tags, Soyez le premier à ajouter un tag!

MARC

LEADER 00000nbm a2200000 4500
001 0232129
005 20190118095327.2
041 0 |a rus 
044 |a SK 
245 1 0 |a Svetový obchod so zbraňami  |b diplomová práca  |c Oleksandr Beliaiev ; školiteľ: Ľudmila Lipková 
264 1 |a Bratislava  |c 2017 
300 |a 87 s. 
100 1 |a Beliaiev, Oleksandr 
700 1 |a Lipková, Ľudmila 
710 2 |a Fakulta medzinárodných vzťahov EU. Katedra medzinárodných ekonomických vzťahov a hospodárskej diplomacie